Helldivers 2 Warbonds - Sudden Death - Statistics

General Stats
  • This quiz has been taken 70 times
  • The average score is 10 of 23
Answers on the Grid
Answers color-coded by a green-red scale on the quiz's grid according to % correct below.
SEAF Supervisors
Democratic Detonation
Democratic Demolition
Virtuous Veterans
Exo Experts
Helldivers Mobilize
Helldivers Mobillize 2
Helldivers X Fallout
Helldivers X Halo ODST
Law Enforcers
Redacted Regiment
Democratic Division
Stealth Troopers
Siege Breakers
Siege Servants
Entrenched Division
Force of Law
Helldivers X Killzone
Dust Devils
Dust Demons
Chemical Commandos
Python Commandos
Steeled Veterans
Steeled Servants
Chemical Agents
Chemical Comrades
Freedom's Flame
Masters of Ceremony
Helldivers X Star Wars
Heros of the Federation
Polar Patriots
Truth Enforcers
Control Group
Viper Commandos
Borderline Justice
Cutting Edge
Bleeding Edge
Servants of Freedom
Servants of Super Earth
Urban Legends
 
Answer Stats
Answer % Correct
Force of Law
57%
Python Commandos
57%
Siege Breakers
54%
Dust Devils
50%
Servants of Freedom
50%
Chemical Agents
46%
Control Group
46%
Helldivers Mobilize
46%
Helldivers X Halo ODST
46%
Masters of Ceremony
46%
Truth Enforcers
46%
Viper Commandos
46%
Cutting Edge
43%
Steeled Veterans
43%
Urban Legends
43%
Democratic Detonation
39%
Exo Experts
39%
Freedom's Flame
39%
Polar Patriots
39%
Borderline Justice
36%
Entrenched Division
36%
Helldivers X Killzone
36%
Redacted Regiment
36%
No matching quizzes found
Score Distribution
Percent of People with Each Score
Percentile by Number Answered
Your Score History
You have not taken this quiz